[Event "Dortmund SuperGM 24th"]
[Site "Dortmund"]
[Date "1996.07.07"]
[Round "3"]
[White "Kramnik, Vladimir"]
[Black "Adams, Michael"]
[Result "1-0"]
[WhiteElo "2765"]
[BlackElo "2685"]
[Annotator "Ribli,Z"]
[PlyCount "173"]
[EventDate "1996.07.05"]
[EventType "tourn"]
[EventRounds "9"]
[EventCountry "GER"]
[EventCategory "18"]
[SourceTitle "CBM 054"]
[Source "ChessBase"]
[SourceDate "1996.10.01"]
[SourceVersion "1"]
[SourceVersionDate "1996.10.01"]
[SourceQuality "1"]

1. Nf3 {Dolmatov} Nf6 2. c4 e6 3. Nc3 Bb4 4. Qb3 c5 5. g3 (5. a3 $5 Ba5 6. g3 (
6. g3 {Dolmatov} Nc6 7. Bg2 O-O 8. O-O a6)) 5... Nc6 6. Bg2 O-O 7. O-O d6 (7...
Na5 $2 8. Qc2 Nxc4 9. Na4 d5 10. a3 Ba5 11. d3 Nb6 12. Nxc5 $14 {Garcia
Ilundain,D-Psakhis,L/Benasque/1995/CBM50/}) (7... d5 8. d3 h6 (8... Bxc3 9.
Qxc3 d4 10. Qa3 Qb6 11. Bf4 Re8 12. Ne5 $14 {Ehlvest,J-Korschnoj,V/Horgen/1995/
CBM50/INF65,14/}) 9. e3 Re8 10. a3 dxc4 11. dxc4 Bxc3 12. Qxc3 e5 13. b4 e4 14.
Nd2 Qe7 $14 {Kasparov,G-Anand,V/PCA-Wch/1995/CBM49/INF64,15/}) 8. d3 h6 (8...
Qe7 9. e3 e5 10. Nd2) (8... Rb8 {Dolmatov} 9. Nh4 Bd7 10. Bd2 a6 11. a3 Ba5 12.
Qd1 b5 13. b4 Bc7 14. cxb5 axb5 15. Rb1 cxb4 $10 {Kavalek,L-Ree,H/NED/1969/})
9. e3 e5 (9... Rb8 $5 {Dolmatov} 10. Bd2 Bd7) 10. Nd2 Bxc3 {Der schwarze
Läufer steht nicht besonders gut auf b4, mit der Partiefortsetzung spielt
Schwarz auf sofortigen Ausgleich.} (10... Be6 {Dolmatov} 11. Nde4 Nxe4 $10) 11.
Qxc3 d5 $6 (11... Be6 12. e4 (12. f4 Qd7 13. fxe5 $6 dxe5 14. Rxf6 $2 gxf6 15.
Ne4 Qe7) 12... Nd4) 12. cxd5 Nxd5 13. Qxc5 Ndb4 14. b3 {Zum einen verteidigt
Weiß seine Bauern gegen den späteren Be6, andererseits droht er Ba3.} (14. d4
exd4 15. e4 Be6) 14... Nxd3 15. Qc3 Nxc1 16. Raxc1 Be6 17. Ne4 $14 {Weiß hat
einen typischen "Katalaner"-Vorteil: er hat einen "Roentgen"-Läufer auf g2,
der ist immer stärker als sein Kollege und sein aktiver Springer zielt nach c5
oder d6.} (17. Bxc6 $2 bxc6 18. e4 a5 19. Rfd1 $10) 17... Qe7 18. Qc5 $1 (18.
Nc5 Rac8 19. Bxc6 Rxc6 20. Qxe5 Rfc8 21. Nd3 Rxc1 22. Rxc1 Rxc1+ 23. Nxc1 Qb4
$132) 18... Rad8 19. Qxe7 Nxe7 20. Nc5 Bd5 21. Bxd5 (21. Nxb7 Bxg2 (21... Bxb7
$2 22. Bxb7 Rd2 23. Rc7 $16) 22. Kxg2 Rd2 {Eine ähnliche Stellung wie in der
Partie, aber Schwarz hat mit Nd5 oder Nf5 Gegenspiel.} (22... Rd2 {Dolmatov}
23. a4 Nd5 24. Kf3 f5)) 21... Rxd5 22. Nxb7 {Schwarz ist in einem schlechten
Endspiel gelandet.} Rd2 23. a4 (23. Rc7 $5 Nd5 24. Rd7 Rb8 (24... Rc8 {Dolmatov
} 25. Na5) 25. e4 Ne3 26. Rxd2 Nxf1 27. Rd7 $1 (27. Rd8+ Rxd8 28. Nxd8 Nd2 29.
Nc6 {ist chancenreich für Weiß.})) 23... Rb8 24. Rc7 Nd5 25. Rd7 Nxe3 {Schwarz
gewinnt den Bauern zurück, aber Weiß erhält dauerhafte Initiative.} 26. Rxd2
Nxf1 27. Rd7 (27. Kxf1 $2 {Dolmatov} Rxb7 $10) 27... Nd2 28. b4 Nc4 29. a5 Kf8
30. Rc7 (30. a6 {Dolmatov} Nb6 31. Rc7 Nd5 32. Rc4 Ke7 33. b5) 30... a6 (30...
Ke8 {Dolmatov} 31. a6 $18) 31. b5 $1 {Weiß opfert einen Bauern, Schwarz hat
kein Gegenspiel- er kann nur warten.} axb5 32. a6 Ra8 33. Nc5 Ke8 34. Rb7 (34.
a7 {Dolmatov} Nd6 35. Rd7 Nc8 $10) 34... Nd6 35. Rb6 Ke7 36. Kg2 f5 37. h4 {
Weiß droht mit 38.h5 weiteren Raumgewinn.} h5 (37... g5 {Dolmatov} 38. h5) 38.
Kf1 Rc8 $5 {Das ist der richtige Moment für aktives Spiel.} 39. Nb7 $1 (39. a7
Ra8 40. Ra6 Nc8) 39... Rc1+ 40. Kg2 Nc8 41. Rxb5 Kf6 42. Na5 {Weiß hat einen
starken Freibauern, aber es geht nicht so einfach weiter.} (42. Rc5 $5 {
Dolmatov} Rxc5 43. Nxc5 $16 Ke7 44. f3 Kd6 45. Nd3) 42... e4 43. Nb3 Rc4 44.
Kf1 Ra4 45. Ra5 Rb4 (45... Rxa5 {Dolmatov} 46. Nxa5 Na7 47. Ke2 Ke5 48. Ke3 $18
) 46. Nc5 Na7 47. Ke2 g5 (47... Rd4 $5 {Dolmatov} 48. Ke3 Rd1 49. Kf4 Rd2) 48.
Ke3 gxh4 (48... f4+ {Dolmatov} 49. gxf4 gxh4 50. Nxe4+ Kg6 51. f5+ $18) 49.
gxh4 Rb2 50. Nd7+ Ke6 51. Nf8+ Kf6 52. Nh7+ Kg6 53. Ng5 {Der weiße Plan ist
klar: da er jetzt mit seinem a-Bauern nichts machen kann und Schwarz zumindest
einen Springer dort halten sollte, hat Weiß freie Hand am Königsflügel,
besonders wegen der schwachen schwarzen Bauern.} Kf6 (53... Rb3+ $5 54. Kf4 Rb2
55. Nh3 Rb3 56. Ng5 Rb2 57. f3 exf3 $14) 54. Rd5 Rb6 55. Kf4 Rxa6 56. Rxf5+ Kg6
57. Nxe4 $18 {Die schwarze Stellung ist verloren. In einigen Stellungen im
Turmendspiel mit f- und h-Bauern hat Schwarz Remischancen.} Nc8 58. Rg5+ Kh6
59. Re5 Kg6 60. Re8 Rc6 61. Ke5 Nb6 62. Re7 Nc4+ (62... Nc8 63. Re6+ Rxe6+ 64.
Kxe6 Na7 65. f4) 63. Kd5 Rc8 64. Re6+ Kg7 65. Ng3 Kf7 66. Rh6 Nd2 67. Rxh5 Ra8
68. Rf5+ Kg7 69. Rf4 Ra5+ 70. Ke6 Ra6+ 71. Kf5 Rc6 72. Kg5 Nc4 73. Nf5+ Kh7 74.
Ne7 Rc5+ 75. Rf5 Ne5 76. Kh5 Kg7 77. Rg5+ (77. f4) 77... Kf6 78. Ng8+ Ke6 79.
f4 Nd3 80. Rxc5 Nxc5 81. Kg6 Nd3 82. f5+ Ke5 83. f6 Nf4+ 84. Kf7 Kf5 85. Ne7+
Kg4 86. Ng6 Nh5 87. Ke7 {Ribli} 1-0

[Event "Dortmund SuperGM 24th"]
[Site "Dortmund"]
[Date "1996.07.12"]
[Round "7"]
[White "Kramnik, Vladimir"]
[Black "Lobron, Eric"]
[Result "1-0"]
[WhiteElo "2765"]
[BlackElo "2585"]
[Annotator "Ribli,Z"]
[PlyCount "69"]
[EventDate "1996.07.05"]
[EventType "tourn"]
[EventRounds "9"]
[EventCountry "GER"]
[EventCategory "18"]
[SourceTitle "CBM 054"]
[Source "ChessBase"]
[SourceDate "1996.10.01"]
[SourceVersion "1"]
[SourceVersionDate "1996.10.01"]
[SourceQuality "1"]

1. Nf3 {Dolmatov} Nf6 2. c4 e6 3. Nc3 Bb4 4. Qc2 c5 5. a3 Bxc3 $6 {5...Ba5!?
ist auch spielbar, dann kann Schwarz später - in einem guten Moment - Bxc3
spielen. In unserer Partie haben wir eine ähnliche Stellung wie in der
Nimzoindischen Verteidigung, aber Weiß hat den "kompromittierenden" Zug d4
nocht nicht gespielt.} (5... Ba5 {Dolmatov} 6. g3 Nc6 7. Bg2 O-O 8. O-O Qe7 9.
d3 d6 10. Rb1 $14) 6. Qxc3 b6 7. b4 (7. g3 Bb7 8. Bg2 d6 9. O-O O-O 10. b4 Nbd7
11. d3 e5 $13 {Ehlvest,J-Hracek,Z/Parnu-A/CBM52/}) (7. e3 {Dolmatov}) 7... Na6
$6 {Schwarz provoziert den Zug b5, aber später steht sein Springer auf c7
nicht gut.} (7... Qe7 $5 8. e3 O-O 9. Bb2 Bb7 10. Be2 d6 11. d3 (11. O-O Nbd7
12. d3 $14 {Taimanov,M-Balashov,Y/URS/1971/}) 11... Nbd7 12. O-O Rac8 $5 13. b5
Rfe8 $5 14. a4 a5 $13 {Kasparov,G-Hjartarson,J/Reykjavik/1995/EXP46/}) 8. e3
Qe7 9. b5 Nc7 10. Be2 Bb7 (10... a6 {Dolmatov} 11. a4 O-O 12. O-O) 11. O-O O-O
12. Bb2 d6 13. a4 a5 $146 (13... a6 14. d4 Ne4 15. Qc2 axb5 16. axb5 f5 17. Nd2
Qg5 18. f4 Qg6 19. Bf3 $14 {Eingorn,V-Stefansson,H/Reykjavik/1989/CBM13/}) 14.
Rae1 Rae8 (14... e5 $5 {Dolmatov} 15. d4 Ne4 16. Qc2 Ng5 17. dxe5 Nxf3+ 18.
Bxf3 Bxf3 19. exd6 $2 Qg5) (14... Nce8 $5 {Dolmatov} 15. d4 (15. d3 Nd7 $14)
15... Ne4 16. Qc2 N8f6) 15. d4 {Wenn Schwarz seinen Springer statt c7 nach d7
gestellt hätte, dann könnte er zufrieden sein, Weiß kann jetzt ohne Risiko ein
schönes Zentrum aufbauen.} Ne4 16. Qc1 f5 (16... Rd8 $5 {Dolmatov} 17. Qa1 (17.
Nd2 Nxd2 18. Qxd2 e5 19. dxe5 dxe5 20. Qc3 f6 $132) 17... Ne8) 17. Nd2 Ng5 (
17... Qh4 {/\ eventuell Rf6-h6, und vielleicht kann die schwarze Dame am
Königsflügel stören.}) (17... Nxd2 {Dolmatov} 18. Qxd2 e5 19. dxe5 dxe5 20. Qc3
$16) 18. f4 Ne4 (18... Nf7 19. Bf3) 19. Bf3 Nxd2 (19... d5 20. Ba3 {Und
Schwarz befindet sich im großer Not.}) 20. Qxd2 Bxf3 21. Rxf3 Rd8 {Schwarz
will d5 oder Ne8-f6 spielen.} 22. Qc2 Rf7 (22... Ne8 23. e4 fxe4 (23... Qf7 24.
d5 (24. exf5 exf5 (24... Qxf5 25. Qxf5 exf5 26. d5) 25. d5) 24... fxe4 25. dxe6
Qxe6 26. Rxe4 Qf5) (23... Qd7 {Dolmatov} 24. exf5 exf5 25. d5 Nf6 26. Bxf6 Rxf6
27. Rfe3 $16) 24. Qxe4 $16) 23. e4 $16 Qh4 24. Re2 fxe4 25. Qxe4 {Jetzt droht
auch Rh3.} h6 26. dxc5 d5 $2 {Schwarz versucht, im Trüben zu fischen.} (26...
dxc5 {Dolmatov} 27. g3 Qh3 28. Rd3) 27. cxd5 Nxd5 28. g3 $18 Qh5 29. cxb6 Nxb6
30. Kg2 Rd1 31. Qxe6 Qc5 32. Qe8+ Rf8 33. Qg6 Rd7 (33... Rg1+ 34. Kh3 {bringt
nichts.}) 34. Ba3 Qc4 35. Rc2 {Ribli} 1-0

[Event "St Petersburg-ch"]
[Site "St Petersburg"]
[Date "1996.??.??"]
[Round "8"]
[White "Taimanov, Mark E"]
[Black "Aseev, Konstantin N"]
[Result "1/2-1/2"]
[WhiteElo "2470"]
[BlackElo "2560"]
[Annotator "Ribli,Z"]
[PlyCount "81"]
[EventDate "1996.04.??"]
[EventType "tourn"]
[EventRounds "13"]
[EventCountry "RUS"]
[EventCategory "11"]
[SourceTitle "CBM 056"]
[Source "ChessBase"]
[SourceDate "1997.02.01"]
[SourceVersion "1"]
[SourceVersionDate "1997.02.01"]
[SourceQuality "1"]

1. Nf3 Nf6 2. c4 e6 3. Nc3 Bb4 4. g3 O-O 5. Bg2 d5 6. a3 Be7 7. d4 dxc4 8. Ne5
{Wir haben eigentlich eine Katalanische Verteidigung, aber mit den
zusätzlichen Zügen a2-a3 und Bf8-e7.} Nc6 9. Nxc6 (9. Bxc6 bxc6 10. Nxc6 Qe8
11. Nxe7+ Qxe7 12. Qa4 c5 $5 {Nogueiras,J-Salov,V/Biel izt/1993/ Das ist die
Hauptvariante in der Katalanische Verteidigung ohne den Zug a2-a3. Wenn wir
schon "gratis" a3 gespielt haben, gibt es Konsequenzen: Einerseits hat Schwarz
hat keine Möglichkeit zu einem späteren Qb4, oder Rb4, aber anderseits sind
die weißen Felder am Damenfluegel geschwächt. Ribli.} (12... e5 $5)) 9... bxc6
10. Bxc6 (10. O-O Rb8 11. Qa4 Nd5 12. Qxc4 Nb6 13. Qd3 c5 14. Be3 cxd4 15. Bxd4
Bb7 16. Rfd1 Bxg2 17. Kxg2 c5 18. Be3 Qxd3 19. exd3 Rfc8 20. Rdc1 Bf6 $10 {
Frog,I-Aseev,K/RUS-ch Elista/1995/CBM50/}) 10... Rb8 11. O-O Bb7 12. Bxb7 {
Ich glaube, daß die ganze Variante mit 9.Nxc6 Weiß keinen Eröffnungsvorteil
bietet.} (12. Qa4 Qxd4 13. Bxb7 Rxb7 14. Rd1 Qc5 15. Kg2 $15 {Andersson,
U-Benjamin,J/Szirak-izt/1987/CBM03/Inf44,(15)/}) 12... Rxb7 13. Rb1 c5 14. dxc5
(14. Be3 $2 Rd7) 14... Bxc5 15. Bg5 {Weiß hat die bessere Bauernstruktur, aber
als Gegengewicht (oder sogar mehr?) hat Schwarz lebhaftes Figurenspiel.} Bd4
16. Qc2 h6 17. Bxf6 Qxf6 18. e3 (18. Rbc1 Rc8 $1 (18... Bxc3 19. Qxc3 Qxc3 20.
Rxc3 Rxb2 21. Rxc4 Rxe2 22. Ra4 Ra8 23. Rb1 $10)) 18... Bxc3 19. bxc3 Rxb1 20.
Rxb1 Rd8 $15 21. Kg2 $8 Qe5 $1 {Schwarz verteidigt sich gegen ein eventuelles
Rb1-b8, und gleichzeitig aktiviert er seine Dame.} 22. Rb4 Rd3 23. Qe2 (23.
Rxc4 $2 Qd5+) 23... a5 $6 (23... Rxc3 24. Rxc4 $2 Qd5+ $19) 24. Rb7 Rxc3 25.
Qf3 {Weiß hat einen Bauer verloren, aber seine Figuren sind aktiv.Ribli.} f5
26. a4 {Droht 27.Rb5.} Rb3 27. Ra7 {Natürlich.} (27. Rxb3 $2 cxb3 {wäre
hoffnungslos für Weiß.}) 27... c3 (27... Qc5 28. Qa8+) 28. Qc6 Rb2 29. Qc7 Qxc7
30. Rxc7 c2 31. Kf3 g5 32. e4 $1 $10 {Der aktive weiße König und der aktive
Turm halten remis.} Rb3+ 33. Ke2 fxe4 34. Rxc2 Rb4 35. Rc7 Rxa4 36. Ke3 Rb4 37.
Re7 a4 38. Rxe6 Kg7 39. h4 $5 gxh4 40. gxh4 h5 41. Ra6 {Die Stellung ist
ausgeglichen.Wenn Schwarz am Damenfluegel mit dem König vorgeht, hat Weiss hat
auch seine Chancen mit Kf4,Kg5.} 1/2-1/2